| 000 | 00770nam a22002177a 4500 | ||
|---|---|---|---|
| 008 | 090318t xxu||||| |||| 00| 0 eng d | ||
| 010 | _aENG-93225 | ||
| 020 | _c75.00 | ||
| 035 | _aEN-76758 | ||
| 037 | _bDBAD / PUB | ||
| 040 |
_adpl _bEnglish |
||
| 082 | _a621.3193 | ||
| 100 | _aJeevanantham, V. | ||
| 245 |
_aConductor sizing / _cby V. Jeevanantham |
||
| 260 |
_c2008 _aPerambalur _bMercury Printers & Publishers |
||
| 300 |
_a86p. _c20cm (pbk) |
||
| 650 | _aElectric conductors | ||
| 650 |
_aElectric conductors _xTables. |
||
| 942 |
_2ddc _cEN _mJEE _h621.3193 |
||
| 999 |
_c25350 _d25350 |
||